Korupcia - prekážka rozvoja

Gespeichert in:
Bibliographische Detailangaben
Format: Buch
Sprache:Slowakisch
Englisch
Veröffentlicht: Bratislava Office of Public Affairs 1999
Schlagworte:
Tags: Tag hinzufügen
Keine Tags, Fügen Sie das erste Tag hinzu!

MARC

LEADER 00000nam a2200000 4500
001 c115990
005 20221102130702.5
041 0 |a slo 
041 0 |a eng 
044 |a SK 
245 1 0 |a Korupcia - prekážka rozvoja 
264 1 |a Bratislava  |b Office of Public Affairs  |c 1999 
300 |a 36 s. 
610 2 0 |a korupcia 
610 2 0 |a obstarávanie verejné 
610 2 0 |a legislatíva 
610 2 0 |a dohody obchodné medzinárodné 
610 2 0 |a orgány štátne 
610 2 0 |a kontrola spoločenská 
610 2 0 |a kontrola verejná 
610 2 0 |a zákony 
610 2 0 |a kódexy etické 
610 2 0 |a právomoc disciplinárna 
610 2 0 |a provízie